The Abilene paradox and other meditations on management / (Record no. 33189)

MARC details
000 -LEADER
fixed length control field 00764nam a2200193 a 4500
008 - FIXED-LENGTH DATA ELEMENTS--GENERAL INFORMATION
fixed length control field 120416s1988 ||||||||||||||||| || u
020 ## - INTERNATIONAL STANDARD BOOK NUMBER
International Standard Book Number 0669191795
050 ## - LIBRARY OF CONGRESS CALL NUMBER
Classification number HD 58.7 Har
100 ## - MAIN ENTRY--PERSONAL NAME
Personal name Harvey, Jerry B
245 14 - TITLE STATEMENT
Title The Abilene paradox and other meditations on management /
260 ## - PUBLICATION, DISTRIBUTION, ETC.
Place of publication, distribution, etc. Lexington, Mass
Name of publisher, distributor, etc. Lexington Books University Associates
Date of publication, distribution, etc. 1988
300 ## - PHYSICAL DESCRIPTION
Extent viii, 150p.
350 ## - PRICE (NR) (BK AM CF MU VM SE) [OBSOLETE]
Price 0.00
500 ## - GENERAL NOTE
General note Bibliography: p. [145]-150.
650 ## - SUBJECT ADDED ENTRY--TOPICAL TERM
Topical term or geographic name entry element Management--Moral and ethical aspects--Humor
650 ## - SUBJECT ADDED ENTRY--TOPICAL TERM
Topical term or geographic name entry element Organizational behavior--Moral and ethical aspects--Humor
650 #0 - SUBJECT ADDED ENTRY--TOPICAL TERM
Topical term or geographic name entry element MANAGEMENT
995 ## - RECOMMENDATION 995 [LOCAL, UNIMARC FRANCE]
-- 0.00
-- CBU-MAIN LIBRARY (Kitwe)
-- 1
-- 19.95
-- 1
-- AVAILABLE
-- Main Library Open Access Collection
Holdings
Withdrawn status Lost status Source of classification or shelving scheme Damaged status Not for loan Home library Current library Shelving location Date acquired Total Checkouts Full call number Barcode Date last seen Price effective from Koha item type
          CBU-MAIN LIBRARY, KITWE. CBU-MAIN LIBRARY, KITWE.   11/30/2022   HD 58.7 Har 003599 11/30/2022 11/30/2022 MONOGRAPH